Central Library OPAC University of Rajshahi

Hara Kei in the politics of compromise, 1905-1915 / (Record no. 36315)

MARC details
000 -LEADER
fixed length control field 00873nam a22002771 4500
001 - CONTROL NUMBER
control field 36315
003 - CONTROL NUMBER IDENTIFIER
rucl marc code BD-RjUL
005 - DATE AND TIME OF LATEST TRANSACTION
control field 20211209052453.0
008 - FIXED-LENGTH DATA ELEMENTS--GENERAL INFORMATION
fixed length control field 140619t1967 mauc b 001 0beng d
035 ## - SYSTEM CONTROL NUMBER
System control number (BD-RjUL)36412
040 ## - CATALOGING SOURCE
Original cataloging agency DLC
Transcribing agency DLC
Modifying agency DLC
-- BD-RjUL
Language of cataloging eng
041 ## - LANGUAGE CODE
Language code of text/sound track or separate title eng
082 00 - DEWEY DECIMAL CLASSIFICATION NUMBER
Classification number 952.0320924
Author mark and year NAH 1967
100 1# - MAIN ENTRY--PERSONAL NAME
Personal name Najita, Tetsuo.
9 (RLIN) 110513
245 10 - TITLE STATEMENT
Title Hara Kei in the politics of compromise, 1905-1915 /
260 ## - PUBLICATION, DISTRIBUTION, ETC. (IMPRINT)
Place of publication, distribution, etc. Cambridge, Mass. :
Name of publisher, distributor, etc. Harvard University Press,
Date of publication, distribution, etc. 1967.
300 ## - PHYSICAL DESCRIPTION
Pagination xvii, 314 p. :
Illustrations ill. ;
Size 22 cm.
500 ## - GENERAL NOTE
General note Based on the author's thesis, Harvard University.
504 ## - BIBLIOGRAPHY, ETC. NOTE
Bibliography, etc includes index.
600 10 - SUBJECT ADDED ENTRY--PERSONAL NAME
Personal name Hara, Takashi,
Dates associated with a name 1856-1921.
651 #0 - SUBJECT ADDED ENTRY--GEOGRAPHIC NAME
Geographic name Japan
General subdivision Politics and government
9 (RLIN) 110515
942 ## - ADDED ENTRY ELEMENTS (KOHA)
Source of classification or shelving scheme Dewey Decimal Classification
Koha item type Books
Holdings
Lost status Source of classification or shelving scheme Damaged status Not for loan Collection code Permanent Location Current Location Shelving location Date acquired Source of acquisition Total Checkouts Full call number Date last seen Copy number Koha item type
  Dewey Decimal Classification   Not For Loan Non-fiction Central Library, University of Rajshahi Central Library, University of Rajshahi Reading Room 24/04/1979 Jonathan wren & Com., London.   952.0320924 NAH 1967 19/06/2014 C-1 Books